| 000 | 00569 a2200193 4500 | ||
|---|---|---|---|
| 003 | OSt | ||
| 005 | 20231211121056.0 | ||
| 008 | 230919b |||||||| |||| 00| 0 eng d | ||
| 020 | _a9789355490568 | ||
| 040 | _coclc | ||
| 082 |
_a954.8 _bPIL/R |
||
| 100 |
_aPillai, Manu S _93242 |
||
| 245 |
_aREBEL SULTHANMAR / _cManu S Pillai |
||
| 246 | _aRebel Sultans : the Deccan from Khilji to Shivaji | ||
| 250 | _a5th ed. | ||
| 260 |
_aKozhikode: _bMathrubhumi books, _c2022. |
||
| 300 | _a344 p | ||
| 942 |
_2ddc _cBK _h954.8 _iPIL/R _k954.8 _mPIL/R |
||
| 999 |
_c42277 _d42277 |
||